000 01072nam a2200217Ia 4500
999 _c50838
_d50838
001 17792
003 GE_BSU
005 20200224142014.0
008 181216s1977 xx |||||||||||||| ||eng||
040 _cGE_BSU
041 _aeng
080 _a353.03(73) P-97
245 _aPublic papers of the presidents of the United States Herbert Hoover. 1932-33
_bContaining the Public Message, Speeches, and Statements of the President. January 1 1932 to march 4, 1933
264 _aWashington :
_bUnited States government printing office,
_c1977.
300 _a1333 p.:
_c26 cm.
653 _aContaining the Public Message, Speeches, and Statements of the President.
653 _aPublic papers of the presidents of the United States
653 _aშეერთებული შტატების პრეზიდენტების ჰერბერტ ჰუვერის საჯარო ფურცლები
653 _aსახელმწიფო ადმინისტრაციული მმართველობა
942 _cBK
_2udc